Score 0/23 Timer 04:00
0 Plays Today
% Correct
Andy Dwyer
96.8%
Chris Traeger
96.7%
Ben Wyatt
96.4%
Andy Dwyer
95.5%
Ann Perkins
93.6%
Tammy Swanson (II)
93.3%
Tammy Swanson (I)
93.2%
Ann Perkins
89.2%
Mark Brendanawicz
88.4%
Dave Sanderson
88%
Mona-Lisa Saperstein
86.3%
Lucy
85.9%
% Correct
Tom Haverford
85.8%
Diane Lewis
84.9%
Gayle
84.5%
Millicent Gergich
84.2%
Eduardo
83.1%
Derek
82.8%
Wendy Haverford
79.5%
Nadia Stasky
78.5%
Joe
77.1%
Shauna Malwae-Tweep
76.8%
Justin Anderson
69.6%
Remove Ads.
Support Sporcle.
Get the best of Sporcle when you Go Orange. This ad-free experience offers more features, more stats, and more fun while also helping to support Sporcle. Thank you for becoming a member.

You're not logged in!

Compare scores with friends on all Sporcle quizzes.
OR
Log In

Sporcle TV

Today on Sporcle TV


Watch our educational content, quiz creation guides, and fun videos on Sporcle TV.

Show Comments

Extras

Top Quizzes Today


Score Distribution

Paid Content

Your Account Isn't Verified!

In order to create a playlist on Sporcle, you need to verify the email address you used during registration. Go to your Sporcle Settings to finish the process.

Report this User

Report this user for behavior that violates our Community Guidelines.

Details: